000
00219nam a22000857a 4500
005
20250901165809.0
008
250320b |||||||| |||| 00| 0 eng d
245
_a
KINA CHA TAMAA NA HADITHI NYINGINE
_c
PEVU FASIHI
942
_2
lcc
999
_c
9344
_d
9344